000 00680nam a2200253Ia 4500
003 OSt
005 20220912151450.0
006 a|||||r|||| 00| 0
007 ta
008 220909b |||||||| |||| 00| 0 eng d
020 _a0412171007
024 _a2323
037 _cReference Collections
040 _aCSL
_beng
_cCSL
041 _aeng
082 _aE1:5k, G4;M2-10 RR
100 _aBuckinghan J Ed.
245 0 _aDictionary of organic compounds
250 _a5th
260 _aLondon
_bChapman Hall
_c1992
300 _a597p.
_ccm.
942 _hE1:5k, G4;M2-10 RR
_cREF
_2CC
999 _c69133
_d69133